Statistics for King Kong Films

Click here to take the quiz!

General Stats

  • This quiz has been taken 24 times
  • The average score is 7 of 12

Answer Stats

YearAnswer% Correct
1933King Kong
100%
1976King Kong
100%
2005King Kong
100%
1962King Kong vs Godzilla
88%
2017Kong: Skull Island
88%
1933Son of Kong
65%
1967King Kong Escapes
53%
1986King Kong Lives
53%
1976Queen Kong
18%
2005Kong: King of Atlantis
12%
2006Kong: Return to the Jungle
12%
1998The Mighty Kong
12%

Score Distribution

Percentile by Number Answered

Percent of People with Each Score

Your Score History

You have not taken this quiz